000 00907nam a2200289 i 4500
003 EG-GICUC
005 20260128134423.0
008 260128s1987 fr ||fr ||| 000 0 fre d
020 _a2858029393
040 _aEG-GiCUC
_bfre
_cEG-GiCUC
_dEG-GiCUC
_eRda
041 0 _afre
082 0 4 _221
_a341.81
_bLA . Q
092 0 4 _221
099 _aLaw1 12 341.81 LA . Q 1987
100 1 _aLaacher, Smaïn
_eAuteur
245 0 3 _aQuestions De Nationalité :
_bHistoire Et Enjeux D'un Code /
_cSmaïn Laacher.
264 1 _aParis :
_bEditions L'harmattan,
_c1987.
300 _a256 page,
_c20 cm.
336 _2rda contenu
_a texte
337 _2rda medias
_aOrdinateur
338 _2 transporteur rda
_a Ressource en ligne
546 _aTexte en français
650 1 4 _aDroit international privé
856 4 0 _uhttps://fll.law.cu.edu.eg/fulltext/bks/B12-02318.pdf
905 _a48
942 _2ddc
_cBK
_e21
_n0
999 _c59941
_d59941